000 00907nam a22002777a 4500
003 DO-SdBPM
005 20250520135636.0
008 171024b2010 p |||| 00| 0 spa d
020 _a9786073100939
040 _aDO-SdBPM
_bspa
_cBPMSU
082 4 _aB869.3
_bC672v 2010
_222
100 1 _aCoelho, Paulo
_d1947-
245 1 4 _aLas valkirias /
_cPaulo Coelho ; traducción Pilar Obón
246 1 4 _aLas valkirias :
_bla batalla por el mundo se libra en el interior de cada uno
260 _aPerú :
_bGrijalbo,
_c2010
300 _a188 p. ;
_c23 cm.
534 _pTítulo original.
_tLAs Valkirias.
585 _3BestSeller internacional
590 _aInventariado, 2025/VM
_6
650 4 _aNovela brasileña
650 4 _aEspiritualidad
_vNovela
650 4 _aÁngeles
_vNovela
700 1 _aObón, Pilar
_etraductor
910 _aBTAVAREZ/VMateo V. Control de calidad (BPMSU)
942 _2ddc
_cBK
999 _c15066
_d15066